Region building in the Pacific /

Bibliographic Details
Other Authors: Boyd, Gavin
Format: Book
Language:English
Published: New York : Pergamon Press, [1982]
Series:Pergamon policy studies on international politics.
Subjects:

MARC

Tag First Indicator Second Indicator Subfields
LEADER 00000cam a2200000 a 4500
001 in00000092717
005 20150923132203.0
008 810813s1982 nyu b 00100 eng
010 |a  81013844  
020 |a 0080259855 
035 |a (OCoLC)07733838 
035 |9 AAK7539AM 
039 0 |a 2  |b 3  |c 3  |d 3  |e 3 
040 |a DLC  |c DLC  |d OCL  |d TXA  |d UtOrBLW 
043 |a p------ 
049 |a TXAM  |c [985871] 
050 0 0 |a HC681  |b .R43 1982 
245 0 0 |a Region building in the Pacific /  |c edited by Gavin Boyd. 
264 1 |a New York :  |b Pergamon Press,  |c [1982] 
264 4 |c ©1982 
300 |a vii, 282 pages :  |b 24 cm. 
336 |a text  |b txt  |2 rdacontent 
337 |a unmediated  |b n  |2 rdamedia 
338 |a volume  |b nc  |2 rdacarrier 
490 1 |a Pergamon policy studies on international politics 
504 |a Includes bibliographical references and index. 
505 0 |a TransPacific politics / Gavin Boyd -- Problems of regional development, East Asia / Gavin Boyd -- Japan's regional policies / Sueo Sekiguchi -- ASEAN regional policies / Gavin Boyd -- TransPacific interdependencies / Martin H. Sours -- Problems of regional development, North America / Gavin Boyd -- U.S. and Canadian Pacific perspectives / Charles Doran -- Mexico's North American and Pacific relations / Yale H. Ferguson and Sang- June Shim -- Pacific region building / Gavin Boyd. 
651 0 |a Pacific Area  |x Economic integration. 
651 0 |a Pacific Area  |x Foreign economic relations. 
700 1 |a Boyd, Gavin. 
830 0 |a Pergamon policy studies on international politics. 
999 |a MARS 
999 f f |s 5b931b57-2f8b-3eff-a50b-84826a27ee30  |i dc06c15b-8b3a-3f7e-860d-ec55f78487f4  |t 0 
952 f f |p ric  |a Texas A&M University  |b Rellis Campus  |c Joint Library Facility  |d Remote Storage  |t 0  |e HC681 .R43 1982  |h Library of Congress classification  |i unmediated -- volume  |m A14806006019 
998 f f |a HC681 .R43 1982  |t 0  |l Remote Storage